En busca del dragon / (Record no. 29450)
[ view plain ]
| 000 -LEADER | |
|---|---|
| fixed length control field | 00545 a2200217 4500 |
| 001 - CONTROL NUMBER | |
| control field | sjds |
| 003 - CONTROL NUMBER IDENTIFIER | |
| control field | sjds |
| 005 - DATE AND TIME OF LATEST TRANSACTION | |
| control field | 20240423165403.0 |
| 008 - FIXED-LENGTH DATA ELEMENTS--GENERAL INFORMATION | |
| fixed length control field | 240423b |||||||| |||| 00| 0 spa d |
| 020 ## - INTERNATIONAL STANDARD BOOK NUMBER | |
| International Standard Book Number | 9780746083635 |
| 020 ## - INTERNATIONAL STANDARD BOOK NUMBER | |
| International Standard Book Number | 0746083637 |
| 040 ## - CATALOGING SOURCE | |
| Transcribing agency | sjds |
| 041 ## - LANGUAGE CODE | |
| Language code of text/sound track or separate title | spa |
| 100 ## - MAIN ENTRY--PERSONAL NAME | |
| Personal name | Dixon, Andy |
| 245 ## - TITLE STATEMENT | |
| Title | En busca del dragon / |
| Statement of responsibility, etc. | Andy Dixon, Nick Harris |
| 260 ## - PUBLICATION, DISTRIBUTION, ETC. (IMPRINT) | |
| Place of publication, distribution, etc. | London : |
| Name of publisher, distributor, etc. | Usborne, |
| Date of publication, distribution, etc. | c2007. |
| 300 ## - PHYSICAL DESCRIPTION | |
| Extent | 31 p. : |
| Other physical details | il. color ; |
| Dimensions | 33 cm |
| 440 ## - SERIES STATEMENT/ADDED ENTRY--TITLE | |
| Title | Aventuras fantasticas (Usborne) |
| 700 ## - ADDED ENTRY--PERSONAL NAME | |
| Personal name | Harris, Nick |
| 942 ## - ADDED ENTRY ELEMENTS (KOHA) | |
| Koha item type | Libro/Book |
| Withdrawn status | Lost status | Damaged status | Not for loan | Home library | Current library | Date acquired | Total Checkouts | Barcode | Date last seen | Date checked out | Price effective from | Koha item type | Inventory number | Full call number |
|---|---|---|---|---|---|---|---|---|---|---|---|---|---|---|
| San Juan Del Sur -- Mobile | Maria auxiliadora | 18/04/2024 | 3 | 33016194 | 12/06/2024 | 12/06/2024 | 18/04/2024 | Libro/Book | ||||||
| San Juan Del Sur -- Mobile | San Juan Del Sur -- Mobile | 18/04/2024 | 2 | 33016193 | 31/10/2024 | 15/08/2024 | 18/04/2024 | Libro/Book | Inventory date: 1-2-25 | JI |